00352nam a22001337a 450000500170000002000220001703500120003903700130005110000210006424500700008525000150015526000240017030000240019420120329122827.0 a8129105896c75.00 aB-61444 aDPLbENG aNimbalkar, M. B. aShri Sai Baba's :bTeachings and Philosophy /cby M. B. Nimbalkar arprn. 2002 aNew DelhibNew Dawn avii, 140p.c20 cms.